000 00448nam a2200157 i 4500
001 88128
003 ES-MaACL
005 20230906175816.0
007 t|
008 050103s1921 be ||||1| fre d
100 1 _aLagier, Camille.
_969574
245 1 0 _aA travers la Haute Egipte
_b: nouvelles notes de voyage /
_cpar Camille Lagier.
260 _aBruxelles :
_bVromant et Cie.,
_c1921.
300 _a259 p. ;
_c20 cm.
852 _aES-MaACL
_jD-799
999 _c88128
_d88128